| 000 | 00591cam a2200229 i 4500 | ||
|---|---|---|---|
| 001 | 377038 | ||
| 005 | 20180125034736.0 | ||
| 008 | 790709s1980 cau b 001 0 eng | ||
| 010 | _a 78062848 | ||
| 020 |
_a0520037642 : _c$15.00 |
||
| 040 |
_aDLC _cDLC _dDLC |
||
| 041 | _aeng | ||
| 043 | _ad------ | ||
| 080 | _a909.097240827 HER | ||
| 082 | 0 | 0 | _a909.097240827 HER |
| 100 | 1 | _a16 | |
| 101 | _aHIS | ||
| 245 | 1 | 4 |
_aThe Third World reassessed / _cElbaki Hermassi. |
| 504 | _aBibliography: p. [211]-220. | ||
| 906 |
_a7 _bcbc _corignew _d1 _eopcn _f19 _gy-gencatlg |
||
| 942 |
_2ddc _cBK |
||
| 999 |
_c40897 _d40897 |
||